Begebenheiten von Azow wie selbiges lange vor Christi Geburth von den Grichen erbauet und bewohnet worden, welche Völcker es sonsten zu verschiedenen Zeiten besessen, wie es samt den umliegenden Ländern vor alters unter Rußland gestanden, hernach in Polowzische, Genuesische und Türckische Hände gerathen und wie es endlich von Rußland wieder erobert worden, in einem kurtzen Zusammenhange verfasset (Запись № 10383655)
[ простой вид ]
| 000 -МАРКЕР | |
|---|---|
| контрольное поле | 01479nam0a22002771 4500 |
| 001 - ИДЕНТИФИКАТОР ЗАПИСИ | |
| контрольное поле | RU\NLR\KADK\50612 |
| 005 - ИДЕНТИФИКАТОР ВЕРСИИ | |
| контрольное поле | 20251203171251.9 |
| 035 ## - ДРУГИЕ СИСТЕМНЫЕ НОМЕРА | |
| Идентификатор записи | (NLR Aleph) 009860339 |
| 100 ## - ДАННЫЕ ОБЩЕЙ ОБРАБОТКИ | |
| Данные общей обработки | 19980929d1736 u y0rusy50 ca |
| 101 0# - ЯЗЫК РЕСУРСА | |
| Язык текста, звукозаписи и т.д. | немецкий |
| 102 ## - СТРАНА ПУБЛИКАЦИИ ИЛИ ПРОИЗВОДСТВА | |
| Страна публикации | российская федерация |
| 200 1# - ЗАГЛАВИЕ И СВЕДЕНИЯ ОБ ОТВЕТСТВЕННОСТИ | |
| Основное заглавие | Begebenheiten von Azow wie selbiges lange vor Christi Geburth von den Grichen erbauet und bewohnet worden, welche Völcker es sonsten zu verschiedenen Zeiten besessen, wie es samt den umliegenden Ländern vor alters unter Rußland gestanden, hernach in Polowzische, Genuesische und Türckische Hände gerathen und wie es endlich von Rußland wieder erobert worden, in einem kurtzen Zusammenhange verfasset |
| 210 ## - ПУБЛИКАЦИЯ, РАСПРОСТРАНЕНИЕ И ДР. | |
| Место издания, распространения и т.д. | St. Petersburg [St.- Peterburg] |
| Имя издателя, распространителя и т. д. | Aus der Buchdruckerey der Academie der Wissenschaften |
| Дата издания, распространения и т.д. | [1736] |
| 215 ## - ФИЗИЧЕСКАЯ ХАРАКТЕРИСТИКА | |
| Специфическое обозначение материала и объем | 242 с., [2] л. ил. |
| Размеры | 8°(17 см) |
| 300 ## - ОБЩИЕ ПРИМЕЧАНИЯ | |
| Текст примечания | Авт.: Gottlieb Siegfried Bayer. Авт. и год изд. установл. по: СК XVIII (ин.).- Т. 1 |
| 317 ## - ПРИМЕЧАНИЯ О ПРОИСХОЖДЕНИИ ЭКЗЕМПЛЯРА | |
| Текст примечания | Экз. с наклейкой Б-ки 1-го Кадет. корп. и штампом Лен. Воен. б-ки |
| Организация и экземпляр, к которому относится поле | Рэ ШК / B-357 O1 |
| 620 ## - МЕСТО И ДАТА ПУБЛИКАЦИИ, ИСПОЛНЕНИЯ И Т. Д. | |
| Город | St.- Peterburg |
| 700 #1 - ИМЯ ЛИЦА - ПЕРВИЧНАЯ ОТВЕТСТВЕННОСТЬ | |
| Начальный элемент ввода | Bayer |
| Часть имени, кроме начального элемента ввода | G.S. |
| Даты | 1694-1738 |
| Расширение инициалов личного имени | Gottlieb Siegfried |
| Код отношения | Автор |
| 712 01 - НАИМЕНОВАНИЕ ОРГАНИЗАЦИИ - ВТОРИЧНАЯ ОТВЕТСТВЕННОСТЬ | |
| Начальный элемент ввода | Akademie der Wissenschaften |
| Идентифицирующий признак | Petersburg |
| Структурное подразделение | Druckerei |
| Код отношения | Печатник (типограф) |
| 801 #0 - ИСТОЧНИК ЗАПИСИ | |
| Страна | российская федерация |
| Организация | NLR |
| Дата составления | 19980929 |
| 852 ## - МЕСТОНАХОЖДЕНИЕ И ШИФР ХРАНЕНИЯ | |
| Идентификатор организации | NLR |
| Наименование фонда или коллекции (Sub-Location Identifier) | Б-ка 1-го Кадет. Корп. |
| Шифр хранения (Call Number) | Рэ ШК / B-357 O1 |
| 942 ## - ДОПОЛНИТЕЛЬНЫЕ ЭЛЕМЕНТЫ ЗАПИСИ (АБИС) | |
| Тип экземпляра АБИС | Книга |
| 980 ## - КОЛЛЕКЦИЯ | |
| Название коллекции | Национальная библиография |
| 980 ## - КОЛЛЕКЦИЯ | |
| Название коллекции | Библиотека 1-го Кадетского корпуса |
Нет доступных экземпляров.